000 00445nam a2200145 i 4500
001 100484
003 ES-MaACL
007 t|
008 050928s1916 fr ||||1| fre d
100 1 _aMassart, Jean.
_978798
245 1 0 _aComment les belges résistent á la dominatión allemande... /
_cpar Jean Massart.
260 _aLausanne (Suiza) :
_bPayot,
_c1916.
300 _aXVI, 473 p., 8 lám. ;
_c24 cm.
852 _aES-MaACL
_jC-5878
_bR.33185
999 _c100484
_d100484